| 000 | 00654nam a22001937a 4500 | ||
|---|---|---|---|
| 010 | _aENG-100762 | ||
| 020 |
_c55.00 _a8177355767 |
||
| 035 | _aEN-84295 | ||
| 037 | _bDBAD / PUB | ||
| 082 | _a954.31 | ||
| 100 |
_aR. Lakshminarayanan _914437 |
||
| 245 |
_aChettinad / _cby R. Lakshminarayanan |
||
| 260 |
_aChennai _bPavai Publications _c2008 |
||
| 270 |
_a142, Jani Jan Khan Road, Royapettah _bChennai _e600014 |
||
| 300 |
_a107 p. _c24cm (Pbk) |
||
| 700 | _96162 | ||
| 942 |
_2ddc _cEN _mRLA _h954.31 |
||
| 999 |
_c42308 _d42308 |
||